000 00492pab a2200169 454500
008 180718b xxu||||| |||| 00| 0 eng d
100 _aPainuly, J.P.
245 _aRural energy system and agriculture: alternative scenarios for Gujarat
650 _a Rural Energy
650 _a Rural Development
650 _a Agriculture
650 _aEnergy Resources - India - Gujarat
700 _aShah, D.R
700 _aParikh, Jyoti K.
773 _aEconomic and Political Weekly
909 _a22128
999 _c22128
_d22128